00807 2200289 4500001002100000005001500021035002000036007000300056008004100059020001900100082001000119084001600129100001800145245015300163250001000316260002800326300003400354650002300388700001800411700002100429505001400450505001100464990001100475990001100486990000900497990001100506INLIS00000000000388420220914020234 a0010-0819000027ta220914 g 0 ind  a978-602-9212-4 a641.3 a641.3 MER t0 aMERSON, Sarah1 aThe Top 100 Foods for A Younger You :b100 Ramuan Ajaib agar Anda Tetap Awet Muda /cSarah Merson; penerjemah, Nur Chasanah; editor, Cahyadi Prabowo acet.1 aSolo :bMetagraf,c2011 a128 hlm :bilus ;c14 x 17 cm 4aKESEHATAN. MAKANAN0 aNUR, Chasanah0 aCAHYADI, Prabowo aGlosarium aIndeks a5506 a a5506 b a5506 a5506 b